00604nam a2200181 a 450000100100000000500170001000800410002702000150006804000250008308200140010810000330012224500830015526000300023830000210026850000340028950000700032350400290039300002278620200930021809.0101118s1998 sp 000 0 spa d a8477370680 aDO-SdBNPbspacBNPHU axxxbE18f1 aEchevarría, Miguel Ángel10aFlandes y la monarquía hispánica 1500-1713 /cMiguel Ángel Echevarría. aMadrid :bSílex,c1998. a435 p. ;c25 cm. aIncluye índice onomástico aIncluye datos biográficos del autor en la solapa de la cubierta aBibliografía : 399-416